Grupo de Río: documentos oficiales del principal foro político de América Latina y El Caribe
Guardat en:
| Autor corporatiu: | |
|---|---|
| Format: | Llibre |
| Idioma: | espanyol |
| Publicat: |
Santiago
BAT
1994
|
| Matèries: | |
| Etiquetes: |
Afegir etiqueta
Sense etiquetes, Sigues el primer a etiquetar aquest registre!
|
MARC
| LEADER | 00000nam a2200000 a 4500 | ||
|---|---|---|---|
| 001 | UCN2785 | ||
| 003 | CL-VaPUC | ||
| 005 | 20231103091629.0 | ||
| 008 | 010608e19940000cl 1 spa d | ||
| 082 | 0 | 4 | |a 327 |b MIN |2 21 |
| 110 | 2 | |a Ministerio de Relaciones Exteriores de Chile |e author |9 619912 | |
| 245 | 1 | 0 | |a Grupo de Río: documentos oficiales del principal foro político de América Latina y El Caribe |
| 260 | |a Santiago |b BAT |c 1994 | ||
| 300 | |a 321 p | ||
| 583 | |a last modification |c 20010608 00:00:00 |k Rodrigo Vera | ||
| 650 | 0 | 7 | |a CUMBRES INTERNACIONALES |2 CL-VaPUC |9 618469 |
| 650 | 0 | 0 | |a Relaciones Internacionales |9 255740 |
| 650 | 0 | 0 | |a Acuerdos internacionales |9 337381 |
| 651 | 0 | |a América |9 255182 | |
| 651 | 0 | |a México |9 255269 | |
| 651 | 0 | |a Uruguay |9 255194 | |
| 651 | 0 | |a Perú |9 256567 | |
| 651 | 0 | |a Venezuela |9 254993 | |
| 651 | 0 | |a Colombia |9 256424 | |
| 651 | 7 | |a CUBA |2 CL-VaPUC |9 255263 | |
| 651 | 0 | |a Argentina |9 254888 | |
| 651 | 7 | |a CHILE |2 CL-VaPUC |9 619913 | |
| 651 | 0 | |a Brasil |9 267393 | |
| 651 | 7 | |a PANAMA |2 CL-VaPUC |9 257728 | |
| 942 | |c BK | ||
| 945 | |a vberengu |d 20010608 00:00:00 | ||
| 546 | |a En Español | ||
| 518 | |p Cumbre Presidencial, 6. Chile, 1993 | ||
| 999 | |c 383660 |d 383658 | ||
| 952 | |0 0 |1 0 |4 0 |6 327_000000000000000_MIN_1994 |7 0 |8 A |9 505863 |a BIBHIS |b BIBHIS |d 2020-01-23 |i 3729389 |o 327 MIN 1994 |p 3729389 |r 2025-01-20 |w 2020-01-23 |y BK |k HIS | ||